US state denonyms - Statistics

General Stats
  • This quiz has been taken 219 times
  • The average score is 35 of 50
Answer Stats
State Denonym % Correct
Alaska Alaskan
95%
California Californian
95%
Georgia Georgian
91%
Hawaii Hawaiian
91%
Arizona Arizonan
89%
Iowa Iowan
87%
Florida Floridian
86%
Nebraska Nebraskan
84%
Nevada Nevadan
84%
Texas Texan
83%
New Mexico New Mexican
82%
Virginia Virginian
82%
New York New Yorker
81%
Oklahoma Oklahoman
81%
Colorado Coloradan
80%
Idaho Idahoan
80%
Missouri Missourian
80%
Montana Montanan
80%
North Dakota North Dakotan
80%
Ohio Ohioan
79%
West Virginia West Virginian
79%
Indiana Indianan
78%
Minnesota Minnesotan
78%
Pennsylvania Pennsylvanian
78%
South Dakota South Dakotan
78%
Mississipi Mississippian
77%
Louisiana Louisianan
76%
Alabama Alabamian
73%
North Carolina North Carolinian
72%
Rhode Island Rhode Islander
72%
Oregon Oregonian
71%
South Carolina South Carolinian
71%
Kentucky Kentuckian
70%
Washington Washingtonian
68%
Kansas Kansan
67%
Maryland Marylander
67%
Arkansas Arkansan
64%
Maine Mainer
61%
Michigan Michiganian
61%
Tennessee Tennesseean
61%
Utah Utahn
59%
Vermont Vermonter
59%
Illinois Illinoisan
56%
Delaware Delawarean
53%
New Jersey New Jerseyan
53%
Wisconsin Wisconsinite
44%
New Hampshire New Hampshirite
33%
Wyoming Wyomingite
33%
Massachusetts Massachusettsan
28%
Conneticut Connetictuter
0%
No matching quizzes found
Score Distribution
Percent of People with Each Score
Percentile by Number Answered
Your Score History
You have not taken this quiz